Vyhoření není na týden

Príprava zákona, ktorý firmám nariaďuje starostlivosť o duševné zdravie zamestnancov. Nadmerný pracovný stres a jeho vplyv na zdravie. Japonsko na vedúcom mieste v počte samovrážd v dôsledku enormného tlaku v práci. Prejavy syndrómu vyhorenia. Dôležitý pohyb a kreativita. Dobrý príklad preventívnych...

Descrizione completa

Salvato in:
Dettagli Bibliografici
Autore principale: Petrášová, Lenka
Altri autori: Urbášková, Gabriela
Natura: Capitolo di libro
Lingua:ceco
Soggetti:
Tags: Aggiungi Tag
Nessun Tag, puoi essere il primo ad aggiungerne!!

MARC

LEADER 00000naa a2200000 4500
001 0241604
005 20180328091039.2
041 0 |a cze 
044 |a CZ 
245 1 0 |a Vyhoření není na týden  |c Lenka Petrášová, Gabriela Urbášková 
520 |a Príprava zákona, ktorý firmám nariaďuje starostlivosť o duševné zdravie zamestnancov. Nadmerný pracovný stres a jeho vplyv na zdravie. Japonsko na vedúcom mieste v počte samovrážd v dôsledku enormného tlaku v práci. Prejavy syndrómu vyhorenia. Dôležitý pohyb a kreativita. Dobrý príklad preventívnych programov v Anglicku. 
610 2 0 |a práca 
610 2 0 |a zaťaženie pracovné 
610 2 0 |a stresy 
610 2 0 |a manažéri 
610 2 0 |a zamestnanci 
610 2 0 |a zamestnávatelia 
610 2 0 |a starostlivosť o zdravie 
610 2 0 |a emócie 
610 2 0 |a syndróm vyhorenia 
100 1 |a Petrášová, Lenka 
700 1 |a Urbášková, Gabriela